Library instruction and reference services

Bibliographic Details
Other Authors: Fraley, Ruth A, Katz, Bill
Format: Book
Published: New York : The Haworth , 1984
Subjects:

MARC

LEADER 00000cam a2200000 7i4500
001 0000001996
002 000002176
005 20000330.0
020 |a 0866562885 
090 0 0 |a 025.56   |b LIB 
245 0 0 |a Library instruction and reference services   |c edited by Bill Katz and Ruth A Fraley 
260 |a New York :   |b The Haworth ,   |c 1984 
300 |a 254p ;   |c 22 cm. 
650 0 0 |a Bibliography   |x Methodology   |x Study and teaching   |x Adresses,essays,lectures 
650 0 0 |a Library orientation   |x Adresses,essays,lectures 
650 0 0 |a Reference services (Libraries)   |x Addresses, essays, lectures 
700 1 |a Fraley, Ruth A 
700 1 |a Katz, Bill 
999 |a 033753   |b BUKU   |c RUJUKAN   |e PERPUSTAKAAN KOMUNITI PETALING JAYA